000 00393nam a2200169Ia 4500
005 20250423100743.0
008 250422s9999 xx 000 0 und d
020 _a9780232540
050 _aPL 8014 .N6/
100 _aGarah, G. G.
245 0 _aRadical essays on Nigerian literatures
260 _aLagos
260 _bMalthouse Press
260 _c2008
300 _a342 p
942 _cBK
999 _c34241
_d34241